000 00680nam a2200229Ii 4500
003 JO-AjNU
008 230605s9999||||xx |||||||||||||| ||und||
017 _a2015/2/462
020 _a978-9957-94-187-1
040 _aJO-AjNU
_bara
_erda
_cJO-AjNU
041 _aara
050 1 4 _aPJ7808 2015
100 3 _aالزيود، محمد عبد الكريم ,
_eauthor
_957557
245 0 0 _aضوء جديد
250 _aط1
264 3 1 _aعمان: وزارة الثقافه،2015
300 _a99ص
336 _atext
_btxt
_2rdacontent
337 _aunmediated
_bn
_2rdamedia
338 _avolume
_bnc
_2rdacarrier
650 4 _aقصص قصيرة-العصر الحديث
_957558
999 _aA25801
_c29369
_d29369